000 00441pab a2200169 454500
008 180718b2006 xxu||||| |||| 00| 0 eng d
100 _aBhandari, Laveesh
245 _aIncome differentials and returns to education
260 _c2006
300 _ap.3893-900.
362 _a9 Sep
650 _aEducation
650 _aIncome distribution
700 _aBordoloi, Mridusmita
773 _aEconomic and Political Weekly
909 _a71420
999 _c71420
_d71420